Elementos para una didáctica del lenguaje y las matemáticas en estudiantes sordos de niveles iniciales.

Saved in:
Bibliographic Details
Main Author: Calderón, Dora Inés (autora)
Other Authors: León Corredor, Olga Lucía (autora)
Format: Book
Published: Bogotá, Colombia: Universidad Distrital Francisco José de Caldas, 2016.
Series:Serie Investigaciones
Subjects:
Online Access:Disponible Online - Universidad Distrital
Tags: Add Tag
No Tags, Be the first to tag this record!

MARC

LEADER 00000nam a22000007a 4500
003 CL-VaPUC
005 20241028145908.0
008 230410t2016 ||||| |||| 00| 0 eng d
999 |c 440503  |d 440501 
020 |a 978-958-8972-33-6 
040 |c Pontificia Universidad Católica de Valparaíso 
082 |a 371.912 CAL 2016 
100 1 |a Calderón, Dora Inés  |e autora  |9 881303 
245 |a Elementos para una didáctica del lenguaje y las matemáticas en estudiantes sordos de niveles iniciales. 
260 |a Bogotá, Colombia:  |b Universidad Distrital Francisco José de Caldas,  |c 2016. 
300 |a 305 páginas. 
490 |a Serie Investigaciones  |n  5.  
500 |a c.1 Donación Profesor Cristian Merino (BIO). Memo Curauma 3/04/2023 
583 |c 20230410  |k Catalogador Asistente 
650 0 |a Educación de sordos  |9 308353 
650 |a Español  |x Enseñanza  |x Lengua de señas  |9 881305 
650 |a Matemáticas  |x Enseñanza  |x Lengua de señas  |9 881306 
700 |a León Corredor, Olga Lucía  |e autora  |9 881304 
856 |u https://die.udistrital.edu.co/sites/default/files/doctorado_ud/publicaciones/elementos_para_una_didactica_del_lenguaje_y_las_matematicas_en_estudiantes_sordos_de_niveles_iniciales.pdf  |y Disponible Online - Universidad Distrital 
942 |2 ddc  |c BK 
952 |0 0  |1 0  |2 ddc  |4 0  |6 371_912000000000000_CAL_2016  |7 0  |8 A  |9 589546  |a BIBCUR  |b BIBCUR  |d 2023-04-10  |e Donación  |i 5657070  |l 1  |o 371.912 CAL 2016  |p 5657070  |r 2024-01-29  |s 2023-05-16  |t 1  |w 2023-04-10  |y BK  |k BIO